[Event "COL-chT (Women)"]
[Site "Ibague"]
[Date "2018.10.13"]
[Round "6.2"]
[White "Rocha, Angelly"]
[Black "Bolanos Calvache, Brigeth Vanessa"]
[Result "0-1"]
[WhiteElo "1357"]
[BlackElo "1811"]
[PlyCount "42"]
[EventDate "2018.10.11"]
[EventType "team-swiss"]
[EventRounds "6"]
[EventCountry "COL"]
[SourceTitle "CBM 186 Extra"]
[Source "ChessBase"]
[SourceDate "2018.08.24"]
[SourceVersion "1"]
[SourceVersionDate "2018.08.24"]
[SourceQuality "1"]
[WhiteTeam "Magdalena (W)"]
[BlackTeam "Cauca (W)"]
[WhiteTeamCountry "COL"]
[BlackTeamCountry "COL"]

1. e4 c5 2. Nf3 d6 3. d4 cxd4 4. Nxd4 Nf6 5. Nc3 a6 6. Bd3 e6 7. Bg5 Be7 8. Qd2 Nc6 9. Nf3 Qc7 10. a3 0-0 11. 0-0 Rd8 12. Ne2 d5 13. exd5 exd5 14. Bxf6 Bxf6 15. c3 Bg4 16. Ng5 h6 17. Nh7 Be5 18. h3 Bxe2 19. Qxe2 g6 20. f4 Bg7 21. Ng5 hxg5 0-1

[Event "COL-chT (Women)"]
[Site "Ibague"]
[Date "2018.10.12"]
[Round "4.2"]
[White "Rocha, Angelly"]
[Black "Diaz, Luisa Fernanda"]
[Result "0-1"]
[WhiteElo "1357"]
[BlackElo "1726"]
[PlyCount "126"]
[EventDate "2018.10.11"]
[EventType "team-swiss"]
[EventRounds "6"]
[EventCountry "COL"]
[SourceTitle "CBM 186 Extra"]
[Source "ChessBase"]
[SourceDate "2018.08.24"]
[SourceVersion "1"]
[SourceVersionDate "2018.08.24"]
[SourceQuality "1"]
[WhiteTeam "Magdalena (W)"]
[BlackTeam "Tolima (W)"]
[WhiteTeamCountry "COL"]
[BlackTeamCountry "COL"]

1. e4 c5 2. Nf3 e6 3. d4 cxd4 4. Nxd4 a6 5. Bd3 Bc5 6. Be3 Qb6 7. Nb3 Bxe3 8. fxe3 Qxe3+ 9. Qe2 Qxe2+ 10. Bxe2 Nf6 11. Nc3 Nc6 12. 0-0-0 b5 13. a3 Ke7 14. Bf3 Ne5 15. Rhe1 Rd8 16. Ne2 Bb7 17. Ng3 Nxf3 18. gxf3 d5 19. Nc5 Bc6 20. e5 Nd7 21. Nxd7 Bxd7 22. Nh5 g6 23. Nf6 h5 24. Re3 Rac8 25. Rdd3 Rc5 26. Rc3 Rdc8 27. Rxc5 Rxc5 28. Rd3 Rc4 29. b3 Rc5 30. Ng8+ Kf8 31. Nh6 Kg7 32. Nxf7 Kxf7 33. f4 Bc6 34. Kd2 Bb7 35. Ke3 Rxc2 36. Rd2 Rxd2 37. Kxd2 Kg7 38. Ke3 Kh6 39. h4 Kg7 40. b4 Kf7 41. Kd4 Ke7 42. Kc5 Kd7 43. Kb6 Bc8 44. Kc5 Kc7 45. Kd4 Kc6 46. Kc3 d4+ 47. Kxd4 Bb7 48. Ke3 Kd5 49. Kd3 Bc6 50. Ke3 Kc4 51. Kd2 Kb3 52. Kd3 Kxa3 53. Kd4 Kxb4 54. Kd3 a5 55. Kc2 a4 56. Kb2 a3+ 57. Ka1 Kc3 58. Ka2 b4 59. Kb1 b3 60. Ka1 b2+ 61. Kb1 Be4+ 62. Ka2 b1Q+ 63. Kxa3 Qb3# 0-1

[Event "COL-ch Superate fin-B Girls"]
[Site "Bogota"]
[Date "2016.11.17"]
[Round "5.7"]
[White "Rocha, Angelly"]
[Black "Lopez Basante, Elizabeth Crist"]
[Result "1-0"]
[WhiteElo "1369"]
[BlackElo "1525"]
[PlyCount "111"]
[EventDate "2016.11.15"]
[EventType "swiss"]
[EventRounds "5"]
[EventCountry "COL"]
[SourceTitle "EXT 2024"]
[Source "ChessBase"]
[SourceDate "2023.10.10"]
[SourceVersion "1"]
[SourceVersionDate "2023.10.10"]
[SourceQuality "1"]

1. e4 e5 2. Nf3 Nc6 3. Bb5 Nge7 4. c3 a6 5. Ba4 b5 6. Bb3 h6 7. d4 exd4 8. cxd4 Ng6 9. 0-0 Be7 10. Nc3 0-0 11. Re1 Bb7 12. Qd3 Bb4 13. Bd2 Re8 14. Bc2 d6 15. d5 Nce5 16. Nxe5 Nxe5 17. Qg3 Qf6 18. b3 Bc8 19. h3 Ng6 20. Re2 Qe5 21. Qxe5 Rxe5 22. Nd1 Bxd2 23. Rxd2 Rg5 24. Kh2 Nh4 25. Ne3 Bd7 26. f4 Rg6 27. e5 f5 28. e6 Be8 29. Nxf5 Nxf5 30. Bxf5 Rf6 31. Bg4 Rxf4 32. Rc1 Rc8 33. e7 Rb8 34. Rxc7 Re4 35. Rf2 Bf7 36. Rd7 Re8 37. Rd8 R4xe7 38. Rxd6 Re5 39. Rxa6 Rxd5 40. Rf5 Ree5 41. Rxe5 Rxe5 42. Kg3 Rc5 43. Kf4 Rc2 44. Ra8+ Be8 45. Rxe8+ Kf7 46. Re2 g5+ 47. Ke4 Rxe2+ 48. Bxe2 b4 49. Kd4 Ke6 50. Kc5 Kd7 51. Kxb4 Kc6 52. a4 Kb6 53. a5+ Kc6 54. Bf3+ Kc7 55. Kb5 Kb8 56. Kb6 1-0

[Event "COL-ch Superate B (Women)"]
[Site "Colombia"]
[Date "2015.10.14"]
[Round "8.6"]
[White "Martinez, Claudia Marcela"]
[Black "Rocha, Angelly"]
[Result "0-1"]
[WhiteElo "1629"]
[BlackElo "1460"]
[PlyCount "95"]
[EventDate "2015.10.14"]
[EventType "swiss (blitz)"]
[EventRounds "12"]
[EventCountry "COL"]
[SourceTitle "EXT 2024"]
[Source "ChessBase"]
[SourceDate "2023.10.10"]
[SourceVersion "1"]
[SourceVersionDate "2023.10.10"]
[SourceQuality "1"]

1. e4 e5 2. Nf3 Nc6 3. Bc4 Bc5 4. d3 d6 5. h3 h6 6. 0-0 Nf6 7. Nc3 0-0 8. Qe2 Be6 9. Bxe6 fxe6 10. Be3 Bxe3 11. Qxe3 d5 12. Qe2 d4 13. Nd1 Nh7 14. c3 Qd7 15. a3 Rf7 16. Rc1 Qe7 17. b4 Raf8 18. b5 Nd8 19. cxd4 exd4 20. Nxd4 Qxa3 21. Nc3 Qc5 22. Qe3 e5 23. Nf5 Qxe3 24. Nxe3 Ne6 25. Ncd5 Nhg5 26. Ng4 c6 27. bxc6 bxc6 28. Rxc6 Nd4 29. Ra6 Ne2+ 30. Kh1 h5 31. Nxe5 Rxf2 32. Ne7+ Kh7 33. Rxf2 Rxf2 34. Ra2 Rf1+ 35. Kh2 Nf4 36. Nf3 Nxf3+ 37. gxf3 Rxf3 38. d4 Rxh3+ 39. Kg1 Re3 40. e5 Ne2+ 41. Kf1 Ng3+ 42. Kf2 Re2+ 43. Rxe2 Nxe2 44. Kxe2 g6 45. e6 Kg7 46. d5 Kf8 47. d6 Ke8 48. Ke3 0-1

[Event "COL-ch Superate B (Women)"]
[Site "Colombia"]
[Date "2015.10.14"]
[Round "9.5"]
[White "Medina Barrios, Lina Maria"]
[Black "Rocha, Angelly"]
[Result "0-1"]
[WhiteElo "1417"]
[BlackElo "1460"]
[PlyCount "78"]
[EventDate "2015.10.14"]
[EventType "swiss (blitz)"]
[EventRounds "12"]
[EventCountry "COL"]
[SourceTitle "EXT 2024"]
[Source "ChessBase"]
[SourceDate "2023.10.10"]
[SourceVersion "1"]
[SourceVersionDate "2023.10.10"]
[SourceQuality "1"]

1. e4 e5 2. Nf3 Nc6 3. Bc4 Nf6 4. d3 h6 5. c3 Bc5 6. Bb3 d6 7. h3 0-0 8. Nbd2 Re8 9. 0-0 Be6 10. Bc2 a6 11. Re1 Qd7 12. Nf1 d5 13. Qe2 dxe4 14. dxe4 Qe7 15. Ng3 Rad8 16. Nh4 Na5 17. b4 Bc4 18. Qf3 Bxb4 19. cxb4 Nc6 20. a3 Nd4 21. Qc3 Nxc2 22. Qxc2 Bd3 23. Qc5 Qxc5 24. Bxh6 Qe7 25. Bg5 Qe6 26. Nhf5 Qc6 27. Rac1 Qa4 28. Rxc7 Qxa3 29. Rxb7 Rb8 30. Rxb8 Rxb8 31. Bxf6 gxf6 32. Ne7+ Kf8 33. Ngf5 Qxb4 34. Rd1 Bxe4 35. Nd5 Bxd5 36. Rxd5 Qe4 37. Ne3 Rb1+ 38. Kh2 Qf4+ 39. g3 Qxf2+ 0-1

[Event "COL-ch Superate B (Women)"]
[Site "Colombia"]
[Date "2015.10.14"]
[Round "3.11"]
[White "Rocha, Angelly"]
[Black "Castro Colon, Rosa Valentina"]
[Result "1-0"]
[WhiteElo "1460"]
[BlackElo "1600"]
[PlyCount "33"]
[EventDate "2015.10.14"]
[EventType "swiss (blitz)"]
[EventRounds "12"]
[EventCountry "COL"]
[SourceTitle "EXT 2024"]
[Source "ChessBase"]
[SourceDate "2023.10.10"]
[SourceVersion "1"]
[SourceVersionDate "2023.10.10"]
[SourceQuality "1"]

1. e4 e5 2. Nf3 Nc6 3. Bb5 Nf6 4. 0-0 a6 5. Ba4 Bc5 6. Re1 Ng4 7. Re2 0-0 8. h3 d6 9. hxg4 Qf6 10. d3 Bxg4 11. Bg5 Qg6 12. Nbd2 h6 13. Bh4 Nd4 14. Re1 Nxf3+ 15. Nxf3 Bxf3 16. Qxf3 b5 17. Bb3 1-0

[Event "COL-ch Superate B (Women)"]
[Site "Colombia"]
[Date "2015.10.14"]
[Round "12.5"]
[White "Rocha, Angelly"]
[Black "Guerra Verano, Diana"]
[Result "0-1"]
[WhiteElo "1460"]
[BlackElo "1647"]
[PlyCount "96"]
[EventDate "2015.10.14"]
[EventType "swiss (blitz)"]
[EventRounds "12"]
[EventCountry "COL"]
[SourceTitle "EXT 2024"]
[Source "ChessBase"]
[SourceDate "2023.10.10"]
[SourceVersion "1"]
[SourceVersionDate "2023.10.10"]
[SourceQuality "1"]

1. e4 c5 2. Nf3 e6 3. d4 cxd4 4. Nxd4 a6 5. Be3 Qc7 6. Nc3 Nf6 7. Bd3 Bb4 8. a3 Bxc3+ 9. bxc3 Qxc3+ 10. Qd2 Qxa1+ 11. Qd1 Qxd1+ 12. Kxd1 Nc6 13. Nxc6 bxc6 14. e5 Nd5 15. Bg5 0-0 16. Re1 Nc3+ 17. Kd2 Nb5 18. f4 Bb7 19. g4 Nd4 20. Kc3 Nf3 21. Re3 Nxh2 22. f5 Nxg4 23. Rf3 Nxe5 24. Rf1 Nxd3 25. Kxd3 exf5 26. Rxf5 Rad8 27. c3 Rde8 28. c4 Re6 29. Bf4 d5 30. cxd5 cxd5 31. Rg5 Rg6 32. Rxg6 hxg6 33. Bd6 Re8 34. Kd4 Re4+ 35. Kc5 Ra4 36. Kb6 Bc8 37. Kc7 Be6 38. Kb6 f5 39. Kc5 Rxa3 40. Kb6 Ra2 41. Kc5 g5 42. Kd4 f4 43. Ke5 Bg4 44. Kd4 f3 45. Ke3 f2 46. Kd4 f1Q 47. Kxd5 Qd3+ 48. Ke5 Re2# 0-1

[Event "COL-ch Superate B (Women)"]
[Site "Colombia"]
[Date "2015.10.14"]
[Round "10.5"]
[White "Rocha, Angelly"]
[Black "Medina Barrios, Lina Maria"]
[Result "0-1"]
[WhiteElo "1460"]
[BlackElo "1417"]
[PlyCount "70"]
[EventDate "2015.10.14"]
[EventType "swiss (blitz)"]
[EventRounds "12"]
[EventCountry "COL"]
[SourceTitle "EXT 2024"]
[Source "ChessBase"]
[SourceDate "2023.10.10"]
[SourceVersion "1"]
[SourceVersionDate "2023.10.10"]
[SourceQuality "1"]

1. e4 c5 2. Nf3 e6 3. d4 cxd4 4. Nxd4 a6 5. Be3 Qc7 6. Nc3 b5 7. a3 Bb7 8. f3 d6 9. Bd3 Nd7 10. Qd2 Ngf6 11. b4 Be7 12. h3 d5 13. exd5 Nxd5 14. Nxd5 Bxd5 15. Ne2 Bh4+ 16. Bf2 Bxf2+ 17. Kxf2 Rc8 18. Rac1 Ne5 19. Nf4 Nxd3+ 20. Qxd3 Qxf4 21. g3 Qf6 22. Rhe1 Rc3 23. Qxd5 0-0 24. Qe4 Rd8 25. Red1 Rxd1 26. Qa8+ Rd8 27. Qe4 Rd2+ 28. Kg1 Rxf3 29. Re1 Rxg3+ 30. Kh1 Rxh3+ 31. Kg1 Qg5+ 32. Kf1 Qf6+ 33. Kg1 Rg3+ 34. Kh1 Rh2+ 35. Kxh2 Qh4+ 0-1

[Event "Bogota Superate Intercol Adv-B (Women)"]
[Site "Bogota"]
[Date "2014.10.26"]
[Round "3.12"]
[White "Rocha, Angelly"]
[Black "Torres Cardenas, Laura"]
[Result "0-1"]
[WhiteElo "1619"]
[BlackElo "1416"]
[PlyCount "57"]
[EventDate "2014.10.25"]
[EventType "swiss (rapid)"]
[EventRounds "6"]
[EventCountry "COL"]
[SourceTitle "EXT 2024"]
[Source "ChessBase"]
[SourceDate "2023.10.10"]
[SourceVersion "1"]
[SourceVersionDate "2023.10.10"]
[SourceQuality "1"]

1. e4 e5 2. Nf3 Nc6 3. Bb5 a6 4. Ba4 Nf6 5. 0-0 Be7 6. Bxc6 dxc6 7. Nxe5 Nxe4 8. d3 Nf6 9. Re1 0-0 10. Bg5 h6 11. Bh4 Re8 12. Nf3 Bg4 13. h3 Bh5 14. Nbd2 Nd5 15. Bxe7 Rxe7 16. Rxe7 Qxe7 17. Ne4 Re8 18. Ng3 Bg6 19. Nd4 c5 20. Ndf5 Bxf5 21. Nxf5 Qe5 22. Qg4 Qf6 23. c3 Re5 24. Ng3 Rg5 25. Qc8+ Kh7 26. Qxb7 Nf4 27. Ne4 Nxh3+ 28. Kf1 Qf5 29. Nxg5+ 0-1

[Event "Bogota Superate Intercol Adv-B (Women)"]
[Site "Bogota"]
[Date "2014.10.25"]
[Round "2.11"]
[White "Meza Castro, Maria Jose"]
[Black "Rocha, Angelly"]
[Result "1-0"]
[WhiteElo "1521"]
[BlackElo "1619"]
[PlyCount "30"]
[EventDate "2014.10.25"]
[EventType "swiss (rapid)"]
[EventRounds "6"]
[EventCountry "COL"]
[SourceTitle "EXT 2024"]
[Source "ChessBase"]
[SourceDate "2023.10.10"]
[SourceVersion "1"]
[SourceVersionDate "2023.10.10"]
[SourceQuality "1"]

1. e4 e5 2. Nf3 Nc6 3. Nc3 Bb4 4. Bb5 a6 5. Bxc6 dxc6 6. 0-0 Bg4 7. a3 Ba5 8. b4 Bb6 9. d3 Bd4 10. Bd2 Qf6 11. Qe2 Qg6 12. Rae1 Bh3 13. Nh4 Nf6 14. Nxg6 Be6 15. Nxh8 Ng8 1-0